Largest Cities by State #2 (USA) - Statistics

General Stats
  • This quiz has been taken 167 times
    150 since last reset
  • The average score is 107 of 250
Answer Stats
State City % Correct
California #1 Los Angeles
91%
Florida #2 Miami
91%
Arizona #1 Phoenix
90%
Colorado #1 Denver
87%
Mississippi #1 Jackson
87%
Kansas #3 | Missouri #1 Kansas City
87%
California #2 San Diego
87%
California #4 San Francisco
87%
Illinois #1 Chicago
86%
Maine #1 | Oregon #1 Portland
86%
Louisiana #1 New Orleans
85%
New York #1 New York City
85%
Florida #5 Orlando
85%
Alaska #1 Anchorage
84%
Georgia #1 Atlanta
84%
Ohio #2 Cleveland
84%
Florida #1 Jacksonville
84%
Nevada #1 Las Vegas
84%
Florida #3 Tampa
84%
Alabama #1 Birmingham
83%
Michigan #1 Detroit
83%
Pennsylvania #1 Philadelphia
83%
Indiana #1 Indianapolis
81%
Massachusetts #1 Boston
80%
Hawaii #1 Honolulu
80%
Oklahoma #1 Oklahoma City
80%
Georgia #3 | Ohio #1 Columbus
79%
Texas #3 Dallas
79%
Minnesota #1 Minneapolis
79%
Massachusetts #3 | Missouri #3 Springfield
79%
Texas #1 Houston
78%
Arkansas #1 Little Rock
78%
Washington #1 Seattle
78%
Texas #4 Austin
77%
Alaska #3 Juneau
77%
Tennessee #1 Memphis
77%
Alabama #2 Montgomery
77%
Tennessee #2 Nashville
77%
Nebraska #1 Omaha
77%
California #3 San Jose
77%
Idaho #1 Boise
76%
North Carolina #1 Charlotte
76%
Iowa #1 Des Moines
76%
Kentucky #1 Louisville
76%
Colorado #2 Colorado Springs
74%
Minnesota #2 St. Paul
74%
Maryland #1 Baltimore
73%
Louisiana #2 Baton Rouge
73%
Utah #1 Salt Lake City
73%
Texas #2 San Antonio
73%
Nebraska #2 Lincoln
72%
North Carolina #5 Winston-Salem
72%
New York #2 Buffalo
71%
Wisconsin #1 Milwaukee
71%
Pennsylvania #2 Pittsburgh
71%
Oregon #2 Salem
71%
Georgia #2 Augusta
70%
Ohio #3 Cincinnati
70%
Connecticut #4 Hartford
70%
Delaware #3 | New Jersey #1 Newark
70%
North Carolina #2 Raleigh
70%
Nevada #4 Reno
70%
Missouri #2 St. Louis
70%
South Carolina #2 | West Virginia #1 Charleston
69%
Maryland #2 | Missouri #5 | South Carolina #1 Columbia
69%
Arizona #2 Tucson
69%
Delaware #2 Dover
67%
Alaska #2 Fairbanks
67%
Rhode Island #1 Providence
67%
Oklahoma #2 Tulsa
67%
New Mexico #1 Albuquerque
65%
New Jersey #2 Jersey City
65%
Wisconsin #2 Madison
65%
Virginia #4 Richmond
65%
Minnesota #3 | New Hampshire #5 | New York #3 Rochester
63%
North Dakota #2 Bismarck
62%
Arizona #3 Mesa
62%
Georgia #4 Savannah
60%
Wyoming #1 Cheyenne
59%
Alabama #3 Mobile
59%
New Mexico #4 Santa Fe
59%
Kansas #1 Wichita
59%
Kansas #4 Topeka
58%
New Hampshire #3 Concord
57%
California #5 Fresno
57%
Virginia #1 Virginia Beach
57%
Colorado #3 | Illinois #2 Aurora
56%
North Dakota #1 Fargo
56%
Ohio #4 Toledo
55%
South Dakota #1 Sioux Falls
53%
Texas #5 Fort Worth
52%
Wisconsin #3 Green Bay
52%
Kentucky #2 Lexington
52%
Delaware #1 Wilmington
52%
Tennessee #3 Knoxville
51%
Montana #1 Billings
50%
Oregon #3 Eugene
48%
Florida #4 St. Petersburg
48%
Michigan #2 Grand Rapids
47%
Connecticut #2 New Haven
47%
Connecticut #1 Bridgeport
45%
Washington #2 Spokane
45%
New York #5 Syracuse
45%
North Carolina #3 Greensboro
44%
Alabama #4 Huntsville
44%
Nevada #2 Henderson
43%
Louisiana #3 Shreveport
43%
North Carolina #4 Durham
42%
Nevada #3 North Las Vegas
42%
New York #4 Yonkers
42%
Ohio#5 Akron
41%
Georgia #5 Athens
41%
New Hampshire #1 Manchester
41%
Michigan #5 Ann Arbor
40%
Vermont #1 Burlington
40%
Indiana #2 Fort Wayne
40%
Virginia #2 Norfolk
40%
Utah #3 Provo
40%
Washington #3 Tacoma
40%
Iowa #2 Cedar Rapids
37%
Tennessee #4 Chattanooga
37%
Arizona #4 Chandler
35%
Minnesota #4 Duluth
35%
Hawaii #2 Hilo
35%
Arkansas #2 Fort Smith
34%
Arizona #5 Glendale
34%
Massachusetts #2 Worcester
34%
Pennsylvania #3 Allentown
33%
Massachusetts #5 Cambridge
33%
Louisiana #4 Lafayette
33%
Virginia #5 Newport News
33%
Maine #3 Bangor
31%
Wyoming #2 Casper
31%
Pennsylvania #4 Erie
31%
Arkansas #3 Fayetteville
31%
Idaho #4 Idaho Falls
31%
Montana #2 Missoula
31%
New Mexico #2 Las Cruces
30%
Iowa #4 Sioux City
30%
Idaho #2 Nampa
29%
South Dakota #2 Rapid City
29%
Iowa #3 Davenport
28%
Alabama #5 Tuscaloosa
28%
Washington #4 Vancouver
28%
Montana #5 Butte
27%
Indiana #3 Evansville
27%
Colorado #4 Fort Collins
27%
Kentucky #3 Bowling Green
26%
New Jersey #4 Elizabeth
26%
Oklahoma #3 Norman
26%
Wyoming #3 Laramie
24%
Indiana #4 South Bend
24%
Minnesota #5 Bloomington
23%
Montana #4 Bozeman
23%
Connecticut #3 Stamford
23%
Mississippi #5 Biloxi
22%
Kansas #2 Overland Park
22%
Illinois #3 Rockford
22%
New Mexico #5 Roswell
22%
Montana #3 Great Falls
21%
West Virginia #2 Huntington
20%
Illinois #4 Joliet
20%
Alaska #4 Sitka
20%
Utah #2 West Valley City
20%
Nebraska #3 | Washington #5 Bellevue
19%
Virginia #3 Chesapeake
19%
North Dakota #3 Grand Forks
19%
Rhode Island #2 Warwick
19%
Mississippi #2 Gulfport
17%
Mississippi #3 Hattiesburg
17%
Idaho #3 Meridian
17%
New Hampshire #2 Nashua
17%
New Jersey #3 Paterson
17%
Vermont #3 South Burlington
17%
Alaska #5 Ketchikan
16%
Illinois #5 Naperville
16%
Idaho #5 Pocatello
16%
Arkansas #5 Jonesboro
15%
Louisiana #5 Lake Charles
15%
Massachusetts #4 Lowell
15%
South Carolina #3 North Charleston
15%
Oklahoma #4 Broken Arrow
14%
Wyoming #4 Gillette
14%
Nebraska #4 Grand Island
14%
North Dakota #4 Minot
14%
Rhode Island #5 East Providence
13%
Hawaii #3 Kailua
13%
Colorado #5 Lakewood
13%
West Virginia #4 Morgantown
13%
New Mexico #3 Rio Rancho
13%
Connecticut #5 Waterbury
13%
Maine #5 Auburn
12%
Tennessee #5 Clarksville
12%
Missouri #4 Independence
12%
Wisconsin #4 Kenosha
12%
Maine #2 Lewiston
12%
Arkansas #4 Springdale
12%
Michigan #3 Warren
12%
South Dakota #3 Aberdeen
10%
Kentucky #5 Covington
10%
Oregon #4 Gresham
10%
Utah #5 Orem
10%
Maine #4 South Portland
10%
New Jersey #5 Edison
9%
Nebraska #5 Kearney
9%
Kentucky #4 Owensboro
9%
Wisconsin #5 Racine
9%
Nevada #5 Sparks
9%
Michigan #4 Sterling Heights
9%
Utah #4 West Jordan
9%
West Virginia #5 Wheeling
9%
Rhode Island #3 Cranston
8%
Vermont #2 Essex
8%
Oregon #5 Hillsboro
8%
Kansas #5 Olathe
8%
Rhode Island #4 Pawtucket
8%
Pennsylvania #5 Reading
8%
Vermont #5 Rutland
8%
Maryland #4 Silver Spring
8%
Maryland #3 German Town
7%
Wyoming #5 Rock Springs
6%
South Dakota #4 Brookings
5%
Vermont #4 Colchester
5%
Mississippi #4 Southaven
5%
Iowa #5 Waterloo
5%
South Dakota #5 Watertown
5%
North Dakota #5 West Fargo
5%
Oklahoma #5 Lawton
3%
South Carolina #4 Mount Pleasant
3%
South Carolina #5 Rock Hill
3%
Indiana #5 Carmel
2%
New Hampshire #4 Derry
2%
Hawaii #5 Kaneohe
2%
West Virginia #3 Parkersburg
2%
Maryland #5 Waldorf
2%
Delaware #4 Milford
1%
Delaware #5 Seaford
1%
Hawaii #4 Kapolei
0%
No matching quizzes found
Score Distribution
Percent of People with Each Score
Percentile by Number Answered
Your Score History
You have not taken this quiz since the last reset